| 000 -LEADER |
| fixed length control field |
00654cam a22001935i 4500 |
| 001 - CONTROL NUMBER |
| control field |
20800351 |
| 005 - DATE AND TIME OF LATEST TRANSACTION |
| control field |
20221118110549.0 |
| 008 - FIXED-LENGTH DATA ELEMENTS--GENERAL INFORMATION |
| fixed length control field |
181229s2018 eas 000 0 ger |
| 020 ## - INTERNATIONAL STANDARD BOOK NUMBER |
| International Standard Book Number |
9783954102334x |
| 041 ## - LANGUAGE CODE |
| Language code of text/sound track or separate title |
ger |
| 042 ## - AUTHENTICATION CODE |
| Authentication code |
pcc |
| 080 ## - UNIVERSAL DECIMAL CLASSIFICATION NUMBER |
| Universal Decimal Classification number |
32(430)+94 (479) D -73 |
| 100 1# - MAIN ENTRY--PERSONAL NAME |
| Personal name |
Dornfeldt, Matthias. |
| 9 (RLIN) |
1295 |
| 245 10 - TITLE STATEMENT |
| Title |
Deutschland und Georgien : |
| Remainder of title |
die Geschichte der amtlichen Beziehungen / |
| Statement of responsibility, etc. |
Matthias Dornfeldt, Enrico Seewald. |
| 264 #1 - PRODUCTION, PUBLICATION, DISTRIBUTION, MANUFACTURE, AND COPYRIGHT NOTICE |
| Place of production, publication, distribution, manufacture |
Berlin : |
| Name of producer, publisher, distributor, manufacturer |
Bebra Wissenschaft Verlag, |
| Date of production, publication, distribution, manufacture, or copyright notice |
[2018]. |
| 300 ## - PHYSICAL DESCRIPTION |
| Extent |
271 pages : |
| Other physical details |
illustrations ; |
| Dimensions |
25 cm. |
| 653 ## - INDEX TERM--UNCONTROLLED |
| keyword |
გერმანია და საქართველო |
| 942 ## - ADDED ENTRY ELEMENTS (KOHA) |
| Source of classification or shelving scheme |
|
| Koha item type |
წიგნი |